The little data book on climate change (Record no. 80740)
[ view plain ]
| 000 -LEADER | |
|---|---|
| fixed length control field | 00801nam a2200181 a 4500 |
| 008 - FIXED-LENGTH DATA ELEMENTS--GENERAL INFORMATION | |
| fixed length control field | 160421s2012 ||||||||||||||||| || u |
| 020 ## - INTERNATIONAL STANDARD BOOK NUMBER | |
| International Standard Book Number | 9780821389591 |
| 050 ## - LIBRARY OF CONGRESS CALL NUMBER | |
| Classification number | QC 981.8.C5 Wor |
| 110 ## - MAIN ENTRY--CORPORATE NAME | |
| Corporate name or jurisdiction name as entry element | World Bank |
| 245 14 - TITLE STATEMENT | |
| Title | The little data book on climate change |
| Statement of responsibility, etc. | By The World Bank |
| 260 ## - PUBLICATION, DISTRIBUTION, ETC. | |
| Place of publication, distribution, etc. | Washington D.C |
| Name of publisher, distributor, etc. | The International Bank for Reconstruction |
| Date of publication, distribution, etc. | 2012 |
| 300 ## - PHYSICAL DESCRIPTION | |
| Extent | vi, 253p. |
| 350 ## - | |
| -- | 15.00 |
| 650 ## - SUBJECT ADDED ENTRY--TOPICAL TERM | |
| Topical term or geographic name entry element | CLIMATE CHANGES -- INDICATORS |
| 650 ## - SUBJECT ADDED ENTRY--TOPICAL TERM | |
| Topical term or geographic name entry element | CLIMATE CHANGES -- GLOBAL ASPECTS |
| 995 ## - | |
| -- | SPECIAL COLLECTIONS |
| -- | B2183 |
| -- | CBU-MAIN LIBRARY (Kitwe) |
| -- | 15.00 |
| -- | IBRD(058)LDB/2011 |
| -- | 2 |
| -- | AVAILABLE |
| -- | May 24, 2016 |
| -- | B2183 |
| -- | International Publications |
| 995 ## - | |
| -- | REFERENCE BOOKS |
| -- | 746404 |
| -- | CBU-MAIN LIBRARY (Kitwe) |
| -- | 15.00 |
| -- | QC 981.8.C5 Wor |
| -- | 1 |
| -- | AVAILABLE |
| -- | Apr 26, 2016 |
| -- | 746404 |
| -- | Reference Collection |
| 999 ## - | |
| -- | 80740 |
| -- | 80740 |
No items available.